000 00508nam a2200181Ia 4500
999 _c20988
_d20988
003 OSt
005 20201221125848.0
008 190216s9999||||xx |||||||||||||| ||und||
020 _a8178262568
040 _coclc
082 _a954.003
_bKOH/E
100 _aKohli, K S
_95164
245 0 _aEncyclopedia Of India For Children /
_cK S Kohli
260 _bRohan Book Company,
_aDelhi:
_c2005.
300 _a200p
650 _aHistory
942 _cBK
_2ddc
_h954.003
_iKOH/E
_k954.003
_mKOH/E